000 00546nam a22001817a 4500
005 20251108171253.0
008 250721s1984 xx 000 0 ara d
082 1 4 _a956.66/أحم
100 1 _aالعناني، أحمد
245 1 0 _aالمعالم الأساسية لتاريخ الخليج و بحوث أخرى /
264 1 _aعمان :
_bمؤسسة الشرق،
_c1984.
300 _a318ص
490 0 _aبحوث خليجيه
650 1 7 _aالخليج العربي
650 1 7 _aالتاريخ
942 _2ddc
_cBK
999 _c60967
_d60967